Poemes
Guardado en:
| Autor principal: | |
|---|---|
| Formato: | Libro |
| Lenguaje: | francés |
| Publicado: |
París
Saint-Germain des Pres
1984
|
| Edición: | 1a. ed |
| Colección: | Collection La Poesie la Vie
|
| Materias: | |
| Etiquetas: |
Agregar Etiqueta
Sin Etiquetas, Sea el primero en etiquetar este registro!
|
MARC
| LEADER | 00000cam a2200000 a 4500 | ||
|---|---|---|---|
| 001 | UCE2529 | ||
| 003 | CL-VaPUC | ||
| 008 | 140710e19840000fr |||||||||||||||||fre|d | ||
| 020 | |a 2243022974 | ||
| 082 | 0 | 4 | |a 841 |b FRA |2 21 |
| 100 | 0 | |a Frayssinet, Isabelle de |e author |9 574996 | |
| 245 | 1 | 0 | |a Poemes |
| 250 | |a 1a. ed | ||
| 300 | |a 30 p | ||
| 942 | |c BK | ||
| 945 | |d 20140710 11:54:00 |a dcastane | ||
| 260 | |a París |b Saint-Germain des Pres |c 1984 | ||
| 650 | 0 | |a Poesías francesas |9 265467 | |
| 650 | 0 | |a Literatura francesa |9 266330 | |
| 583 | |a last modification |c 20140710 11:54:00 |k Rodrigo Vera | ||
| 490 | 0 | |a Collection La Poesie la Vie | |
| 999 | |c 356119 |d 356117 | ||
| 952 | |0 0 |1 0 |3 erb |4 0 |6 841_000000000000000_FRA_1984 |7 0 |8 A |9 463261 |a BIBEDU |b BIBEDU |i 5009960 |o 841 FRA 1984 |p 5009960 |r 2019-11-23 |w 2019-11-23 |y BK |z Catalogado en:20140710 |k LIT | ||